Κατάλογος Βιβλιοθηκών Mediterranean College

Quantitative Methods in Management / Texts and Cases (Record no. 715)

MARC details
000 -LEADER
fixed length control field 02292cam a22002414a 4500
005 - ΗΜΕΡΟΜΗΝΙΑ ΚΑΙ ΩΡΑ ΤΕΛΕΥΤΑΙΑΣ ΕΝΗΜΕΡΩΣΗΣ
Πεδίο ελέγχου 20250605163943.0
008 - FIXED-LENGTH DATA ELEMENTS--GENERAL INFORMATION
Πεδίο ελέγχου σταθερού μήκους 250528s ||||||||||||||||||||||||d
035 ## - SYSTEM CONTROL NUMBER
System control number 15118
020 ## - ISBN
ISBN 025602006X
040 ## - ΠΗΓΗ ΚΑΤΑΛΟΓΟΓΡΑΦΗΣΗΣ
Φορέας πρωτότυπης καταλογογράφησης MC Athens Campus Library
Γλώσσα καταλογογράφησης Ελληνικά, Μοντέρνα (1453-)
Modifying agency MC Athens Campus Library
Κανόνες περιγραφικής καταλογογράφησης AACR2
245 1# - ΤΙΤΛΟΣ ΚΑΙ ΔΗΛΩΣΗ ΥΠΕΥΘΥΝΟΤΗΤΑΣ
Τίτλος Quantitative Methods in Management / Texts and Cases
260 ## - PUBLICATION, DISTRIBUTION, ETC.
Name of publisher, distributor, etc. Irwin Mcgraw-Hill,
Date of publication, distribution, etc. 1978
300 ## - PHYSICAL DESCRIPTION
Extent 668
505 0# - FORMATTED CONTENTS NOTE
Formatted contents note A Framework for Analyzing Decisions Under Uncertainty, An Introduction to Decision Analysis, The Evaluation of Monetary Consequences, The Development of Decision Diagrams, Assessing Certainty Equivalents by Assessing Preference for Consequences, Judgmental Assessment and Limited Information, Assessment and Use of Continuous Probability Distributions, Updating Probability Assessments with Additional Information, Using Historical Data to Develop Probabilities, Elementary Forecasting, Developing Forecasts with the Aid of Time Series Decomposition, Developing Forecasts with the Aid of Regression Analysis, Simulation in the Analysis of Complex Decisions, Simulation as a Decision Aid, Accounting for Competitive Reaction, Games and Competitive Situations, Allocating Scarce Resources, An Introduction to Linear Programming, Appendixes.
520 ## - SUMMARY, ETC.
Summary, etc. A Framework for Analyzing Decisions Under Uncertainty, An Introduction to Decision Analysis, The Evaluation of Monetary Consequences, The Development of Decision Diagrams, Assessing Certainty Equivalents by Assessing Preference for Consequences, Judgmental Assessment and Limited Information, Assessment and Use of Continuous Probability Distributions, Updating Probability Assessments with Additional Information, Using Historical Data to Develop Probabilities, Elementary Forecasting, Developing Forecasts with the Aid of Time Series Decomposition, Developing Forecasts with the Aid of Regression Analysis, Simulation in the Analysis of Complex Decisions, Simulation as a Decision Aid, Accounting for Competitive Reaction, Games and Competitive Situations, Allocating Scarce Resources, An Introduction to Linear Programming, Appendixes.
700 1# - ΠΡΟΣΘΕΤΗ ΑΝΑΓΡΑΦΗ--ΦΥΣΙΚΟ ΠΡΟΣΩΠΟ
Personal name Bradley P. Stephen
9 (RLIN) 966
700 1# - ΠΡΟΣΘΕΤΗ ΑΝΑΓΡΑΦΗ--ΦΥΣΙΚΟ ΠΡΟΣΩΠΟ
Personal name Frey C. Sherwood
9 (RLIN) 967
700 1# - ΠΡΟΣΘΕΤΗ ΑΝΑΓΡΑΦΗ--ΦΥΣΙΚΟ ΠΡΟΣΩΠΟ
Personal name Jackson B. Barbara
9 (RLIN) 968
700 1# - ΠΡΟΣΘΕΤΗ ΑΝΑΓΡΑΦΗ--ΦΥΣΙΚΟ ΠΡΟΣΩΠΟ
Personal name Vatter A. Paul
9 (RLIN) 969
942 ## - ADDED ENTRY ELEMENTS (KOHA)
Koha item type Books
Holdings
Τύπος τεκμηρίου Βιβλιοθήκη Τρέχουσα τοποθεσία Barcode Αριθμός εισαγωγής Ημερομηνία απόκτησης Ταξιθετικό σύμβολο Αριθμός αντιτύπου Κατάσταση απόσυρσης Κατάσταση χαμένου Κατάσταση κατεστραμμένου Μη δανεισμός Σύνολο δανεισμών Ημερομηνία τελευταίας εμφάνισης Η τιμή ισχύει από
Books MC Athens Campus Library MC Athens Campus Library 9780000007148 1348 05/06/2025 658.4/003 VAT 1           05/06/2025 05/06/2025

MC Athens Campus Library
Πατησίων 94 & Κοδριγκτώνος 13, 104 34
Πελλήνης 8 & Πατησίων 107, 112 51
Τ: +30 210 8899600

MC Thessaloniki Campus Library
Ίωνος Δραγούμη 21, 54625 | Ίωνος Δραγούμη 15, 54625
Τ: +30 2310 287779 – Τ: +30 2314 440300